Phân tích hiệu quả mô hình sản xuất đậu phộng của nông hộ trên địa bàn huyện Cầu Ngang tỉnh Trà Vinh : Luận văn tốt nghiệp Cao học. Chuyên ngành Kinh tế Nông nghiệp
Đề tài phân tích thực trạng hiệu quả mô hình sản xuất đậu phộng của nông hộ, xác định các nhân tố ảnh hưởng và phân tích mức độ ảnh hưởng bởi các nhân tố đến hiệu quả mô hình sản xuất đậu phộng....
Saved in:
| Main Author: | |
|---|---|
| Format: | Book |
| Language: | Undetermined |
| Published: |
Cần Thơ
Trường Đại học Cần Thơ
2014
|
| Subjects: | |
| Tags: |
Add Tag
No Tags, Be the first to tag this record!
|
| Institutions: | Trung tâm Học liệu Trường Đại học Cần Thơ |
|---|
| LEADER | 01260nam a2200229Ia 4500 | ||
|---|---|---|---|
| 001 | CTU_194249 | ||
| 008 | 210402s9999 xx 000 0 und d | ||
| 082 | |a 338.16 | ||
| 082 | |b H507 | ||
| 088 | |a 60620115 | ||
| 100 | |a Phan, Thị Xuân Huệ | ||
| 245 | 0 | |a Phân tích hiệu quả mô hình sản xuất đậu phộng của nông hộ trên địa bàn huyện Cầu Ngang tỉnh Trà Vinh : | |
| 245 | 0 | |b Luận văn tốt nghiệp Cao học. Chuyên ngành Kinh tế Nông nghiệp | |
| 245 | 0 | |c Phan Thị Xuân Huệ ; Bùi Văn Trịnh (Cán bộ hướng dẫn) | |
| 260 | |a Cần Thơ | ||
| 260 | |b Trường Đại học Cần Thơ | ||
| 260 | |c 2014 | ||
| 520 | |a Đề tài phân tích thực trạng hiệu quả mô hình sản xuất đậu phộng của nông hộ, xác định các nhân tố ảnh hưởng và phân tích mức độ ảnh hưởng bởi các nhân tố đến hiệu quả mô hình sản xuất đậu phộng. | ||
| 650 | |a Nông nghiệp,Agriculture | ||
| 650 | |x Khía cạnh kinh tế,Economic aspects | ||
| 910 | |a Hải | ||
| 980 | |a Trung tâm Học liệu Trường Đại học Cần Thơ | ||